00779nam a2200253 a 4500001001300000003000900013005001700022008004100039020000900080082001300089245006700102260002500169300000800194500003500202505005000237650002800287650001300315650002300328710003000351902000800381942000700389952011200396999001700508nice12345678IN_TiNIC20260116013305.0050524s1990 dela grp 000 0 eng  ac1500a230bWOR aCome Holy Spiritb Renew the Whole Creation, Sis Bible Studies aDelhi bISPCK c1990 a96p aincludes index and biblioraphy2 aGlossary, Dates of Texts, Bibliography, Index aChurch-Seventh Assembly aTheology aBible-Commentaries2 aWorld Council of Churches bSRS cBK 001040708StackRoom-aHMIbHMId2007-08-01g15.00l0o230 WORp017355r2007-08-01v15.00w2005-05-24yBK c10426d10426